Požiadavky zo slovenského jazyka a literatúry na prijímacie skúšky na vysoké školy /

Další autoři: Darovec, Miloslav
Jazyk: Slovenština
Vydáno: Bratislava : Slovenské pedagogické nakladateľstvo, 1988
Vydání: 1.vyd.
Témata:
Fyzický popis: 52 s.
Knihy
Uloženo v:
LEADER 00986nam a22002532a 4500
001 000188679
003 CZ BrMZK
005 19970107143423.0
008 970107s1988 xo f slo d
040 |a BOA001  |b cze 
080 |a 371.212.21:372.880.854:378  |2 MRF 
080 |a 371.212.21:372.882:378  |2 MRF 
080 |a 372.880.854:371.212.21:378  |2 MRF 
080 |a 372.882:371.212.21:378  |2 MRF 
245 0 0 |a Požiadavky zo slovenského jazyka a literatúry na prijímacie skúšky na vysoké školy /  |c Miloslav Darovec a kolektív 
250 |a 1.vyd. 
260 |a Bratislava :  |b Slovenské pedagogické nakladateľstvo,  |c 1988 
300 |a 52 s. 
700 1 |a Darovec, Miloslav  |7 jx20041006024 
910 |a BOA001  |b PK-0107.099 
964 |a Slovenština - zkoušky přijímací - školy vysoké 
964 |a Literatura slovenská - zkoušky přijímací - školy vysoké 
990 |a BK 
996 7 |b 3119948073  |c PK-0107.099  |l MZK  |r Sklad / do 1 hodiny  |n 0  |w 000188679  |u 000010  |a 1  |e BOA001  |j MZK50  |s A